|
|
|
|
| LEADER |
01268nam a22003497a 4500 |
| 001 |
35268 |
| 003 |
BD-DhAAL |
| 008 |
190905t1999 enk 000 0 eng d |
| 999 |
|
|
|c 41128
|d 41128
|
| 040 |
|
|
|a BD-DhAAL
|
| 082 |
|
|
|a 370.1523
|2 21
|
| 245 |
|
|
|a Learners and pedagogy /
|c edited by Jenny Leach and Bob Moon.
|
| 260 |
|
|
|a London :
|b Paul Chapman,
|c c1999.
|
| 300 |
|
|
|a viii, 280 pages ;
|c 25 cm.
|
| 500 |
|
|
|a Published in association with the Open University.
|
| 526 |
|
|
|a BIED
|
| 541 |
|
|
|a Complimentary copy from BIED
|e 35268
|
| 650 |
|
|
|a Learning.
|9 34072
|
| 650 |
|
|
|a Teaching.
|9 34073
|
| 650 |
|
|
|a Didactics.
|9 34074
|
| 650 |
|
|
|a Instruction.
|9 34075
|
| 650 |
|
|
|a Pedagogy.
|9 34076
|
| 650 |
|
|
|a School teaching.
|9 34077
|
| 650 |
|
|
|a Learning process.
|9 34078
|
| 700 |
|
|
|a Leach, Jenny.
|9 34079
|
| 700 |
|
|
|a Moon, Bob.
|9 34080
|
| 710 |
|
|
|a Open University.
|9 34081
|
| 710 |
|
|
|a Anoikto Panepistēmio.
|9 34082
|
| 710 |
|
|
|a British Open University.
|9 34083
|
| 852 |
|
|
|a Ayesha Abed Library
|c BIED Collection
|
| 942 |
|
|
|2 ddc
|c BK
|
| 952 |
|
|
|0 0
|1 0
|2 ddc
|4 0
|6 370_152300000000000_LEA
|7 0
|9 66154
|a BRACUL
|b BRACUL
|c GEN
|d 2019-09-05
|e Complimentary copy from BIED
|l 0
|o 370.1523 LEA
|p 3010035268
|r 2019-09-05
|t 1
|w 2019-09-05
|y BK
|x Transferred from BIED to General Stacks
|